000 00324nam a2200109Ia 4500
008 171204s9999 xx 000 0 und d
245 _aEncyclopedia of Tourism:
245 _cHonggen Xiao and Jafar Jafari
260 _c2016
650 _xPrinciples of Tourism 1 &2
856 _uhttp://down.ebook777.com/044/9783319013831.pdf
999 _c346703
_d346703